Business tenancies - the new law (Record no. 103773)

MARC details
000 -LEADER
fixed length control field 01525cam a2200277 4500
008 - FIXED-LENGTH DATA ELEMENTS--GENERAL INFORMATION
fixed length control field 040915n2004 000 0 eng u
020 ## - INTERNATIONAL STANDARD BOOK NUMBER
International Standard Book Number 1903927420
035 ## - SYSTEM CONTROL NUMBER
System control number (Sirsi) u127407
041 ## - LANGUAGE CODE
Language code of text/sound track or separate title eng
050 ## - LIBRARY OF CONGRESS CALL NUMBER
Classification number 346.4104343
-- 18
100 ## - MAIN ENTRY--PERSONAL NAME
Personal name Joyce, Jacqui
245 ## - TITLE STATEMENT
Title Business tenancies - the new law
Remainder of title a practical guide to the changes to the Landlord and Tenant Act 1954 Part II
260 ## - PUBLICATION, DISTRIBUTION, ETC.
Place of publication, distribution, etc. London
Name of publisher, distributor, etc. Legalease
Date of publication, distribution, etc. 2004
300 ## - PHYSICAL DESCRIPTION
Extent xiv, 220p.
Dimensions 23cm.
350 ## - PRICE (NR) (BK AM CF MU VM SE) [OBSOLETE]
Price 35
520 ## - SUMMARY, ETC.
Summary, etc. Examines the changes to the Landlord and Tenant Act 1954 Part II and provides practical guidance on how the reforms affect the everyday practice of surveyors, lawyers, landlords and tenants. Looks at: contracting out of security of tenure; surrenders; the scope of the Act; section 40 notices; the renewal process; termination proceedings by a landlord; changes to the Civil Procedure Rules; termination of fixed-term tenancies by a tenant - section 27; interim rent; terms of new tenancy ordered by the court; and compensation. Appendices cover key legislation. Tables of cases, statutes and statutory instruments.
650 ## - SUBJECT ADDED ENTRY--TOPICAL TERM
Topical term or geographic name entry element REGULATORY REFORM (BUSINESS TENANCIES) (ENGLAND AND WALES) ORDER 2003
650 ## - SUBJECT ADDED ENTRY--TOPICAL TERM
Topical term or geographic name entry element LANDLORD AND TENANT ACT 1954 PART II (NOTICES) REGULATIONS 2004
650 ## - SUBJECT ADDED ENTRY--TOPICAL TERM
Topical term or geographic name entry element LANDLORD AND TENANT ACT 1954 PART II
650 ## - SUBJECT ADDED ENTRY--TOPICAL TERM
Topical term or geographic name entry element BUSINESS TENANCIES
650 ## - SUBJECT ADDED ENTRY--TOPICAL TERM
Topical term or geographic name entry element CIVIL PROCEDURE RULES 1998
650 ## - SUBJECT ADDED ENTRY--TOPICAL TERM
Topical term or geographic name entry element COMPANIES ACT 1985
690 ## - LOCAL SUBJECT ADDED ENTRY--TOPICAL TERM (OCLC, RLIN)
Topical term or geographic name as entry element LANDLORD AND TENANT-BUSINESS TENANCIES
942 ## - ADDED ENTRY ELEMENTS (KOHA)
Suppress in OPAC 0
Holdings
Withdrawn status Lost status Source of classification or shelving scheme Damaged status Not for loan Home library Current library Shelving location Date acquired Cost, normal purchase price Total Checkouts Full call number Barcode Date last seen Date last checked out Copy number Cost, replacement price Price effective from Koha item type
    Dewey Decimal Classification     London London Books 23/09/2004 35.00 29 346.4104343 JOY 30069564 06/08/2019 13/01/2010 1 35.00 06/08/2019 Book